Derivátový trh eurozóny bakalárska práca

Gespeichert in:
Bibliographische Detailangaben
1. Verfasser: Martinkovičová, Veronika
Körperschaft: Národohospodárska fakulta EU. Katedra bankovníctva a medzinárodných financií
Weitere Verfasser: Malacká, Viera
Format: Buch
Sprache:Slowakisch
Veröffentlicht: Bratislava 2018
Tags: Tag hinzufügen
Keine Tags, Fügen Sie das erste Tag hinzu!

MARC

LEADER 00000nbm a2200000 4500
001 0245887
005 20181214082738.5
041 0 |a slo 
044 |a SK 
245 1 0 |a Derivátový trh eurozóny  |b bakalárska práca  |c Veronika Martinkovičová ; školiteľ: Viera Malacká 
264 1 |a Bratislava  |c 2018 
300 |a 53 s. 
100 1 |a Martinkovičová, Veronika 
700 1 |a Malacká, Viera 
710 2 |a Národohospodárska fakulta EU. Katedra bankovníctva a medzinárodných financií